Homology

Tallennettuna:
Bibliografiset tiedot
Päätekijä: Mac Lane, Saunders (autor)
Aineistotyyppi: Kirja
Kieli:englanti
Julkaistu: Berlín Springer-Verlag 1963
Aiheet:
Tagit: Lisää tagi
Ei tageja, Lisää ensimmäinen tagi!

MARC

LEADER 00000nam a2200000 a 4500
001 UCW1619
003 CL-VaPUC
008 920818e19630000GW |||||||||||||||||eng|d
082 0 4 |a 514.23  |b MAC  |2 21 
100 |a Mac Lane, Saunders  |e autor  |9 563890 
245 1 0 |a Homology 
300 |a 422 p 
942 |c BK 
945 |d 19920818 00:00:00  |a mfernand 
260 |a Berlín  |b Springer-Verlag  |c 1963 
650 7 |a TEORIA HOMOLOGICA  |2 CL-VaPUC  |9 270312 
583 |a last modification  |c 19920818 00:00:00  |k Rodrigo Vera 
999 |c 216487  |d 216485 
952 |0 0  |1 0  |4 0  |6 514_230000000000000_MAC_1963  |7 0  |8 A  |9 202227  |a BIBMAT  |b BIBMAT  |d 2019-11-14  |i 2693453  |o 514.23 MAC 1963  |p 2693453  |r 2025-01-07  |w 2019-11-14  |y BK  |k MAT 
952 |0 0  |1 0  |4 0  |6 514_230000000000000_MAC_1963  |7 0  |8 A  |9 202228  |a BIBMAT  |b BIBMAT  |d 2019-11-14  |i 3039250  |o 514.23 MAC 1963  |p 3039250  |r 2025-01-07  |w 2019-11-14  |y BK  |k MAT 
952 |0 0  |1 0  |4 0  |6 514_230000000000000_MAC_1963  |7 0  |8 A  |9 202229  |a BIBMAT  |b BIBMAT  |d 2019-11-14  |i 3039269  |o 514.23 MAC 1963  |p 3039269  |r 2025-01-07  |w 2019-11-14  |y BK  |k MAT